Acronymes - 4 lettres - I - Statistiques

Statistiques générales
  • Ce quiz a été pris 34 fois
    28 depuis la dernière actualisation
  • Le résultat moyen est 18 sur 59
Statistiques - réponses
HINT ANSWER % Correct
INAO Institut
88%
INED Institut
88%
INPI Institut
88%
INSA Institut
88%
IRIS Institut
88%
IUFM Institut
88%
National
85%
National
85%
National
85%
National
85%
IAAF International
69%
IBAN International
69%
IFRS International
69%
ISBN International
69%
Bank
62%
Universitaire
58%
Number
46%
Number
46%
Formation
42%
Sciences
31%
Propriété
27%
Appliquées
23%
Études
23%
Maîtres
23%
Account
19%
Database
19%
IGAS Inspection
19%
Movie
19%
Association
15%
Book
15%
Générale
15%
Information
15%
Affaires
12%
Industrielle
12%
Internationales
12%
IETF Internet
12%
IMDB Internet
12%
IRIS Internet
12%
Serial
12%
Sociales
12%
Federations
8%
Relations
8%
Service
8%
Athletics
4%
Démographiques
4%
Electronics
4%
IEEE Institute
4%
Strategiques
4%
Electrical
0%
Engeneering
0%
Engineers
0%
Financial
0%
Force
0%
Origine
0%
Qualité
0%
Registry
0%
Reporting
0%
Standards
0%
Task
0%
Aucun quiz correspondant
Distribution des résultats
% des personnes avec chaque résultat
Percentile par nombre de réponses
Votre historique - résultats
Vous n’avez pas pris ce quiz depuis la dernière actualisation